歴代自由民主党の総務会長 - Statistics

General Stats
  • This quiz has been taken 32 times
  • The average score is 9 of 62
Answer Stats
在任期間 答え % Correct
57 2019年-2020年 鈴木俊一
56%
62 2024年-現職 鈴木俊一
56%
46 2007年-2008年 二階俊博
52%
53 2014年-2016年 二階俊博
52%
59 2021年-2022年 福田達夫
52%
52 2012年-2014年 野田聖子
48%
49 2010年-2011年 小池百合子
40%
16 1971年-1972年 中曽根康弘
36%
21 1977年-1978年 中曽根康弘
36%
27 1983年-1984年 金丸信
36%
29 1986年-1987年 安倍晋太郎
36%
51 2012年 細田博之
36%
54 2016年-2017年 細田博之
36%
38 1996年-1998年 森喜朗
32%
61 2023年-2024年 森山裕
32%
3 1957年-1958年 佐藤栄作
28%
58 2020年-2021年 佐藤勉
28%
15 1968年-1971年 鈴木善幸
20%
17 1972年-1974年 鈴木善幸
20%
23 1979年-1980年 鈴木善幸
20%
56 2018年-2019年 加藤勝信
20%
60 2022年-2023年 遠藤敏明
16%
24 1980年-1981年 二階堂進
12%
28 1984年-1986年 宮澤喜一
12%
55 2017年-2018年 竹下亘
12%
11 1965年-1966年 前尾繁三郎
8%
50 2011年-2012年 塩谷立
8%
4 1958年-1959年 河野一郎
4%
14 1967年-1968年 橋本登美三郎
4%
30 1987年-1989年 伊東正義
4%
41 2000年 小里貞利
4%
42 2000年-2001年 村岡兼造
4%
45 2006年-2007年 丹羽雄哉
4%
47 2008年-2009年 笹川堯
4%
1 1955年-1956年 石井光次郎
0%
2 1956年-1957年 砂田重政
0%
5 1959年 益谷秀次
0%
6 1959年-1960年 石井光次郎
0%
7 1960年-1961年 保利茂
0%
8 1961年-1963年 赤城宗徳
0%
9 1963年-1964年 藤山愛一郎
0%
10 1964年-1965年 中村梅吉
0%
12 1966年 福永健司
0%
13 1966年-1967年 椎名悦三郎
0%
18 1974年-1976年 灘尾弘吉
0%
19 1976年 松野頼三
0%
20 1976年-1977年 江崎真澄
0%
22 1978年-1979年 倉吉忠雄
0%
25 1981年-1982年 田中龍夫
0%
26 1982年-1983年 細田吉蔵
0%
31 1989年 水野清
0%
32 1989年-1990年 唐沢俊二郎
0%
33 1990年-1991年 西岡武夫
0%
34 1991年-1993年 佐藤孝行
0%
35 1993年-1995年 木部佳昭
0%
36 1995年 武藤嘉文
0%
37 1995年-1996年 塩川正十郎
0%
39 1998年-1999年 深谷隆司
0%
40 1999年-2000年 池田行彦
0%
43 2001年-2004年 堀内光雄
0%
44 2004年-2006年 久間章生
0%
48 2009年-2010年 田野瀬良太郎
0%
No matching quizzes found
Score Distribution
Percent of People with Each Score
Percentile by Number Answered
Your Score History
You have not taken this quiz